[Event "Corona Amateur Tournament (C-HTO)"]
[Site "Biel/Bienne"]
[Date "2020.07.26"]
[Round "6.2"]
[White "Decker, Nils"]
[Black "Bellahcene, Bilel"]
[Result "0-1"]
[WhiteElo "2047"]
[BlackElo "2502"]
[PlyCount "58"]
[EventDate "2020.07.20"]

1. e4 c5 2. Nf3 d6 3. d4 cxd4 4. Nxd4 Nf6 5. Nc3 a6 6. h3 e5 7. Nb3 Be6 8. f4
Nbd7 9. f5 Bxb3 10. axb3 d5 11. Nxd5 Nxd5 12. Qxd5 Qh4+ 13. Kd1 O-O-O 14. Bd3
Nc5 15. Qxf7 Qxe4 16. Re1 Qxg2 17. Bd2 Bd6 18. b4 Nxd3 19. cxd3 Qf3+ 20. Kc2
Kb8 21. Rad1 Rhg8 22. Re3 Rc8+ 23. Qc4 Qxf5 24. Kb3 Rxc4 25. dxc4 Qe6 26. Bc3
Bc7 27. Rd5 e4 28. Rd4 Re8 29. Kc2 Bf4 0-1

[Event "Corona Amateur Tournament (C-HTO)"]
[Site "Biel/Bienne"]
[Date "2020.07.26"]
[Round "6.3"]
[White "Rohrer, Christophe"]
[Black "Gschnitzer, Adrian"]
[Result "0-1"]
[WhiteElo "2235"]
[BlackElo "2404"]
[PlyCount "186"]
[EventDate "2020.07.20"]

1. e4 c5 2. Nf3 Nc6 3. Bb5 g6 4. Bxc6 bxc6 5. O-O Bg7 6. Re1 Nh6 7. c3 O-O 8.
d4 cxd4 9. cxd4 d5 10. e5 f6 11. exf6 exf6 12. h3 Re8 13. Nc3 Rxe1+ 14. Qxe1
Bd7 15. Bf4 Qf8 16. Na4 g5 17. Bh2 Re8 18. Qc3 Nf5 19. Nc5 Bc8 20. Nd3 Bd7 21.
Qa5 h5 22. Qxa7 Bc8 23. Qa4 g4 24. hxg4 hxg4 25. Nd2 Re2 26. Nf1 Qe8 27. Ng3
Re7 28. Qb4 Bf8 29. Qc3 Nxg3 30. Bxg3 Qh5 31. Nf4 Qh6 32. Bh2 Rh7 33. Qg3 Bd6
34. a4 Kf7 35. b4 Qxh2+ 36. Qxh2 Rxh2 37. Kxh2 Bxf4+ 38. g3 Bb8 39. b5 cxb5 40.
axb5 Bb7 41. Kg2 f5 42. f3 Ke7 43. Rh1 Bc8 44. fxg4 fxg4 45. Rh8 Kd7 46. b6 Bd6
47. Rg8 Ba6 48. Rxg4 Bb4 49. Kf3 Kc6 50. Rg6+ Kb7 51. g4 Bd3 52. Rf6 Bd2 53.
Re6 Be4+ 54. Ke2 Bg5 55. Kf2 Bh4+ 56. Ke3 Bg5+ 57. Ke2 Bd8 58. Re8 Bf6 59. Ke3
Bg5+ 60. Ke2 Bf6 61. Ke3 Bg5+ 62. Ke2 Kxb6 63. Rg8 Bf6 64. Ke3 Kc7 65. Kf4 Bxd4
66. Re8 Bd3 67. g5 Kd7 68. Ra8 Ke6 69. Re8+ Kf7 70. Rd8 Be4 71. Rd6 Bg1 72.
Rf6+ Kg7 73. Ra6 Bc2 74. Ke5 d4 75. Ra7+ Kg6 76. Rd7 d3 77. Kf4 Bc5 78. Rd5 Be7
79. Ke3 Bxg5+ 80. Kf2 Bh4+ 81. Ke3 Bg5+ 82. Kf2 Kf6 83. Ke1 Bf4 84. Rd8 Ke6 85.
Rd4 Ke5 86. Rd8 Bg5 87. Rd7 Ke4 88. Rd6 Ke3 89. Re6+ Kd4 90. Rd6+ Kc3 91. Rd5
Bf4 92. Kf2 Kb2 93. Rd4 d2 0-1

[Event "Corona Amateur Tournament (C-HTO)"]
[Site "Biel/Bienne"]
[Date "2020.07.26"]
[Round "6.4"]
[White "Fecker, Noah"]
[Black "Saya, Ethan"]
[Result "1/2-1/2"]
[WhiteElo "2346"]
[BlackElo "2199"]
[PlyCount "91"]
[EventDate "2020.07.20"]

1. e4 e6 2. d4 d5 3. Nd2 dxe4 4. Nxe4 Nd7 5. g3 Ngf6 6. Nxf6+ Nxf6 7. Bg2 c5 8.
Nf3 Qb6 9. O-O Bd7 10. dxc5 Bxc5 11. Ne5 Rd8 12. Nxd7 Rxd7 13. Qe2 O-O 14. a4
a5 15. Qb5 Qxb5 16. axb5 b6 17. Bc6 Rdd8 18. Kg2 Nd5 19. c3 Rd6 20. Re1 Rfd8
21. Ra4 Kf8 22. Rc4 f6 23. h4 Ne7 24. Bf3 e5 25. Rce4 Nc8 26. R4e2 Rd1 27. Be4
Rxe1 28. Rxe1 g6 29. h5 Kg7 30. g4 g5 31. h6+ Kg8 32. Bf5 Nd6 33. Be6+ Kf8 34.
Rd1 Ke7 35. Bb3 Nxb5 36. Rxd8 Kxd8 37. Bc2 Nd6 38. Bxh7 Nf7 39. f3 Nxh6 40. Kf1
Nf7 41. Ke2 Nd6 42. Kd3 Kd7 43. c4 Kc6 44. b3 b5 45. cxb5+ Kxb5 46. Bg8 1/2-1/2

[Event "Corona Amateur Tournament (C-HTO)"]
[Site "Biel/Bienne"]
[Date "2020.07.26"]
[Round "6.5"]
[White "Mathieu, Phileas"]
[Black "Youssoupov, Moisse"]
[Result "1-0"]
[WhiteElo "2214"]
[BlackElo "2333"]
[PlyCount "105"]
[EventDate "2020.07.20"]

1. e4 d5 2. exd5 Qxd5 3. Nf3 g6 4. d4 Bg7 5. Be2 Qd8 6. O-O Nh6 7. Bf4 Nf5 8.
c3 O-O 9. Nbd2 Nd7 10. Re1 c5 11. Nb3 cxd4 12. Nfxd4 Nxd4 13. cxd4 Nf6 14. Bf3
e6 15. Be5 Nd5 16. Qe2 a5 17. Rac1 a4 18. Nc5 Bh6 19. Rcd1 b6 20. Ne4 Ba6 21.
Qc2 f6 22. Nxf6+ Nxf6 23. Bxa8 Qxa8 24. Bxf6 Rxf6 25. d5 exd5 26. Qxa4 Bf8 27.
Re8 Qb7 28. Rd8 Be2 29. R1xd5 Qc7 30. Qb3 Bc4 31. Qc3 Qf4 32. Rd2 Bxa2 33. g3
Qf5 34. b3 Rf7 35. Qb2 Bb1 36. R8d5 Qe4 37. Re5 Qb4 38. Rd4 Qa3 39. Qxb1 Bc5
40. Re8+ Kg7 41. Rd2 Qb4 42. Qb2+ Kh6 43. Rde2 Rf3 44. Qc1+ Kg7 45. Qc4 Qxc4
46. bxc4 Rc3 47. R8e4 g5 48. Kg2 h5 49. h4 g4 50. Ra2 Kg6 51. Rd2 Kf5 52. Rf4+
Kg6 53. Rd5 1-0

[Event "Corona Amateur Tournament (C-HTO)"]
[Site "Biel/Bienne"]
[Date "2020.07.26"]
[Round "6.6"]
[White "Jovanovic, Sladjan"]
[Black "Kamber, Bruno"]
[Result "0-1"]
[WhiteElo "2176"]
[BlackElo "2290"]
[PlyCount "108"]
[EventDate "2020.07.20"]

1. d4 g6 2. Nf3 Nf6 3. e3 Bg7 4. b3 O-O 5. Bb2 d6 6. Be2 c5 7. O-O Bf5 8. Nbd2
Nc6 9. a3 Rc8 10. Nh4 Bd7 11. dxc5 dxc5 12. c4 Qc7 13. Qc2 Rfd8 14. Rad1 Ng4
15. g3 Bxb2 16. Qxb2 Nf6 17. Nhf3 Bf5 18. Nb1 Ne4 19. Nc3 Nxc3 20. Qxc3 Qa5 21.
Qb2 Bh3 22. Rxd8+ Rxd8 23. Rd1 Rxd1+ 24. Bxd1 f6 25. Be2 Kg7 26. Bf1 Bf5 27.
Nd2 Ne5 28. Be2 Bd3 29. Bd1 b5 30. cxb5 Bxb5 31. a4 Ba6 32. Qc2 Bd3 33. Qc1 Ba6
34. Qc2 Bd3 35. Qc1 c4 36. bxc4 Nxc4 37. Nf3 Ne5 38. Nd2 Qb4 39. Kg2 a5 40. Bb3
Be4+ 41. Kf1 Bb7 42. Qc2 Ba6+ 43. Kg2 g5 44. h3 h5 45. Bd5 Qd6 46. Qa2 Bc8 47.
f4 Nd3 48. fxg5 Nb4 49. gxf6+ exf6 50. Qb2 Qxd5+ 51. e4 Qd7 52. g4 hxg4 53.
hxg4 Qxg4+ 54. Kf1 Ba6+ 0-1

[Event "Corona Amateur Tournament (C-HTO)"]
[Site "Biel/Bienne"]
[Date "2020.07.26"]
[Round "6.7"]
[White "Buchenau, Frank"]
[Black "Jepsen, Thomas Tange"]
[Result "1-0"]
[WhiteElo "2278"]
[BlackElo "2116"]
[PlyCount "99"]
[EventDate "2020.07.20"]

1. e4 c5 2. Nf3 d6 3. d4 cxd4 4. Nxd4 Nf6 5. Nc3 a6 6. g3 Nc6 7. Bg2 Nxd4 8.
Qxd4 e5 9. Qd3 Be6 10. O-O Be7 11. a4 O-O 12. Be3 Rc8 13. Rfd1 Ng4 14. Bd2 Qb6
15. Be1 Rc7 16. a5 Qc6 17. h3 Bc4 18. Qd2 Nf6 19. Kh2 Rb8 20. f4 b5 21. fxe5
dxe5 22. Nd5 Bxd5 23. exd5 Qd6 24. Bf2 Rbc8 25. c3 Rc4 26. Qe3 h6 27. Re1 Nd7
28. Be4 Bg5 29. Qf3 g6 30. Bd3 R4c7 31. h4 Be7 32. h5 Rf8 33. Be3 Kg7 34. hxg6
fxg6 35. Qg4 Nc5 36. Bc2 h5 37. Qd1 Rd7 38. b4 Nb7 39. Qd2 Rc8 40. Bb3 Qc7 41.
Rac1 Nd6 42. Bb6 Qb8 43. Rxe5 Nf5 44. Rxf5 gxf5 45. Bd4+ Kg6 46. Re1 h4 47.
Re6+ Kf7 48. d6 hxg3+ 49. Kg1 Ke8 50. Qg5 1-0

[Event "Corona Amateur Tournament (C-HTO)"]
[Site "Biel/Bienne"]
[Date "2020.07.26"]
[Round "6.8"]
[White "Cahen, Alexis"]
[Black "Contin, Daniel"]
[Result "1/2-1/2"]
[WhiteElo "2125"]
[BlackElo "2251"]
[PlyCount "22"]
[EventDate "2020.07.20"]

1. e4 c5 2. Ne2 Nc6 3. c4 g6 4. g3 Bg7 5. Bg2 d6 6. Nbc3 Nf6 7. d3 Rb8 8. Rb1
a6 9. a3 h5 10. h3 Bd7 11. b4 b6 1/2-1/2

[Event "Corona Amateur Tournament (C-HTO)"]
[Site "Biel/Bienne"]
[Date "2020.07.26"]
[Round "6.9"]
[White "Baenziger, Fabian"]
[Black "Briand, Amaury"]
[Result "1-0"]
[WhiteElo "2403"]
[BlackElo "1929"]
[PlyCount "35"]
[EventDate "2020.07.20"]

1. d4 d5 2. c4 dxc4 3. Nf3 Nf6 4. e3 e6 5. Bxc4 a6 6. O-O c5 7. Bb3 Nc6 8. Nc3
cxd4 9. exd4 Be7 10. Bg5 O-O 11. Qd2 h6 12. Bf4 Na5 13. Bc2 b5 14. Bxh6 gxh6
15. Qxh6 Bb7 16. Rae1 Bxf3 17. gxf3 Qxd4 18. Kh1 1-0

[Event "Corona Amateur Tournament (C-HTO)"]
[Site "Biel/Bienne"]
[Date "2020.07.26"]
[Round "6.10"]
[White "Carre, Sylvain"]
[Black "Siebrecht, Sebastian"]
[Result "0-1"]
[WhiteElo "2106"]
[BlackElo "2429"]
[PlyCount "120"]
[EventDate "2020.07.20"]

1. c4 e5 2. Nc3 Nc6 3. Nf3 Nf6 4. e4 d6 5. d4 exd4 6. Nxd4 g6 7. Bg5 h6 8. Bxf6
Qxf6 9. Ndb5 Qe7 10. Nd5 Qxe4+ 11. Be2 Kd8 12. O-O Bd7 13. Nbxc7 Rc8 14. Nb5 a6
15. Nbc3 Qd4 16. Qc2 Qa7 17. Rad1 Bg7 18. Rfe1 Re8 19. Bf1 Rxe1 20. Rxe1 Ne5
21. Kh1 Ng4 22. Nd1 Qd4 23. h3 Qxd5 24. hxg4 Qg5 25. Qe4 Be5 26. Kg1 Bc6 27.
Qd3 Kc7 28. g3 Qxg4 29. Bg2 Kb8 30. Ne3 Qd4 31. Qxd4 Bxd4 32. b3 Re8 33. Bxc6
bxc6 34. Kg2 Bxe3 35. fxe3 f5 36. Kf3 Re4 37. Rh1 h5 38. Rh4 Re5 39. Rd4 Kc7
40. Kf4 a5 41. Kf3 Kd7 42. Rd1 Ke6 43. Rd2 Re4 44. Rd1 Ke5 45. Rd2 g5 46. Rg2
Rg4 47. Rd2 h4 48. gxh4 Rxh4 49. Kg3 Rh1 50. Kg2 Rc1 51. Kf3 Rc3 52. Ke2 a4 53.
Rb2 a3 54. Rd2 Rc1 55. Kd3 c5 56. Rh2 g4 57. Rh8 Ra1 58. Re8+ Kf6 59. Rf8+ Ke6
60. Re8+ Kf7 0-1

[Event "Corona Amateur Tournament (C-HTO)"]
[Site "Biel/Bienne"]
[Date "2020.07.26"]
[Round "6.11"]
[White "Karsay, Pascal"]
[Black "Adrian, Leopold"]
[Result "1-0"]
[WhiteElo "2304"]
[BlackElo "2061"]
[PlyCount "61"]
[EventDate "2020.07.20"]

1. c4 e6 2. Nf3 d5 3. e3 Nf6 4. b3 c5 5. g3 d4 6. exd4 cxd4 7. Bg2 Nc6 8. O-O
Be7 9. Re1 O-O 10. d3 Ne8 11. Na3 f6 12. Nc2 e5 13. Bd2 a5 14. a3 Qb6 15. b4
axb4 16. axb4 Rxa1 17. Qxa1 Bf5 18. Qa2 Kh8 19. b5 Nd8 20. Bb4 Bxb4 21. Nxb4
Nc7 22. Ra1 Qc5 23. Qa3 e4 24. Nxd4 exd3 25. Nxd3 Qxa3 26. Rxa3 Bxd3 27. Rxd3
Nde6 28. b6 Nc5 29. bxc7 Nxd3 30. Bxb7 Ne5 31. Ne6 1-0

[Event "Corona Amateur Tournament (C-HTO)"]
[Site "Biel/Bienne"]
[Date "2020.07.26"]
[Round "6.12"]
[White "Adrian, Claude"]
[Black "Krivenko, Dion"]
[Result "1-0"]
[WhiteElo "2246"]
[BlackElo "2046"]
[PlyCount "53"]
[EventDate "2020.07.20"]

1. c4 e5 2. Nc3 Nf6 3. g3 Nc6 4. Bg2 Bc5 5. a3 d6 6. b4 Bd4 7. Qb3 e4 8. Bb2
Bf5 9. Nh3 Qd7 10. Nf4 Be5 11. e3 Bxc3 12. Qxc3 Ne5 13. O-O g5 14. Nd5 Nxd5 15.
cxd5 Bh3 16. Bxe4 Bxf1 17. Rxf1 f5 18. f4 gxf4 19. exf4 Ng6 20. Bc2 O-O-O 21.
Qe3 Rhf8 22. Qxa7 c6 23. Rc1 Ne7 24. Bb3 Kc7 25. dxc6 Nxc6 26. b5 Ra8 27. b6+
1-0

[Event "Corona Amateur Tournament (C-HTO)"]
[Site "Biel/Bienne"]
[Date "2020.07.26"]
[Round "6.13"]
[White "Perreard, Nicolas"]
[Black "Emmenecker, Pierre-Antoine"]
[Result "0-1"]
[WhiteElo "1956"]
[BlackElo "2172"]
[PlyCount "72"]
[EventDate "2020.07.20"]

1. d4 d5 2. c4 e6 3. Nc3 c5 4. e3 Nc6 5. Nf3 Nf6 6. a3 Ne4 7. Bd3 Nxc3 8. bxc3
Be7 9. O-O O-O 10. cxd5 exd5 11. dxc5 Bxc5 12. Bb2 h6 13. Bc2 Na5 14. Ne5 g6
15. Qe2 Bd6 16. c4 Qe7 17. Nxg6 fxg6 18. Qd3 Rf5 19. cxd5 Be5 20. Bxe5 Qxe5 21.
e4 Rf8 22. f4 Qe8 23. f5 Qe5 24. fxg6 Bd7 25. Qd2 Nc4 26. Qxh6 Qg7 27. Qh7+
Qxh7 28. gxh7+ Kh8 29. h3 Ne5 30. Kh2 Kxh7 31. Kg3 Kg7 32. Rxf8 Rxf8 33. Bb3
Rc8 34. Kf4 Ng6+ 35. Kg5 Re8 36. Rf1 Rxe4 0-1

[Event "Corona Amateur Tournament (C-HTO)"]
[Site "Biel/Bienne"]
[Date "2020.07.26"]
[Round "6.14"]
[White "Borner, Daniel"]
[Black "Ermitsch, Magnus"]
[Result "0-1"]
[WhiteElo "2154"]
[BlackElo "2000"]
[PlyCount "138"]
[EventDate "2020.07.20"]

1. e4 c5 2. Nf3 e6 3. g3 Nc6 4. Bg2 Nf6 5. Qe2 e5 6. O-O Be7 7. c3 O-O 8. Rd1
d6 9. h3 Qc7 10. Na3 d5 11. exd5 Nxd5 12. Nc4 Bf6 13. d3 Bf5 14. Re1 Rae8 15.
Ng5 Bxg5 16. Bxg5 Qd7 17. Kh2 h6 18. Ne3 Nxc3 19. bxc3 hxg5 20. Nxf5 Qxf5 21.
Rab1 Qd7 22. Qe3 b6 23. Qxg5 Rc8 24. Rbd1 f6 25. Qh5 Qf7 26. Qh4 Rfd8 27. Be4
g6 28. Qh6 Ne7 29. a4 Qg7 30. Qc1 Nd5 31. Qa3 Qf7 32. a5 Rc7 33. axb6 axb6 34.
Rb1 Rb8 35. Rb5 Kg7 36. Reb1 Rcc8 37. Qb3 Rd8 38. h4 f5 39. Bxd5 Qxd5 40. Rxb6
Qxb3 41. R1xb3 Rxb6 42. Rxb6 Rxd3 43. Rb3 c4 44. Ra3 Rf3 45. Kg2 e4 46. Ra7+
Kh6 47. Ra3 Kg7 48. Ra7+ Kf8 49. Ra8+ Ke7 50. Ra7+ Ke6 51. Ra6+ Kf7 52. Ra7+
Kg8 53. Ra8+ Kh7 54. Ra7+ Kh6 55. Ra3 Rd3 56. Kf1 g5 57. hxg5+ Kxg5 58. Ke1 Kg4
59. Ke2 Kh3 60. Ra5 Rf3 61. Rc5 Kg2 62. Rxc4 Rxf2+ 63. Ke3 Rf3+ 64. Ke2 Kxg3
65. Rc8 Kf4 66. c4 e3 67. c5 Rf2+ 68. Ke1 Kf3 69. Rf8 f4 0-1

[Event "Corona Amateur Tournament (C-HTO)"]
[Site "Biel/Bienne"]
[Date "2020.07.26"]
[Round "6.15"]
[White "Jakhari, Ansh"]
[Black "Schulz, Michael"]
[Result "0-1"]
[WhiteElo "1908"]
[BlackElo "2132"]
[PlyCount "80"]
[EventDate "2020.07.20"]

1. e4 g6 2. d4 Bg7 3. Nc3 c5 4. Be3 cxd4 5. Bxd4 Nf6 6. Nf3 Nc6 7. h3 Nxd4 8.
Qxd4 O-O 9. e5 Ne8 10. Bc4 e6 11. Qf4 f6 12. Qh4 Qb6 13. O-O Qxb2 14. Ne4 g5
15. Qh5 Qxc2 16. exf6 Nxf6 17. Nxf6+ Bxf6 18. Rac1 Qg6 19. Qg4 b6 20. Rfd1 Qg7
21. Bb5 d5 22. Qg3 a6 23. Rc7 Rf7 24. Rxf7 Qxf7 25. Nxg5 Qg7 26. Bc6 Ra7 27. h4
h6 28. Qg4 Rc7 29. Be8 hxg5 30. h5 Rc4 31. Qg3 Be5 32. Qh3 g4 33. Qh4 Qf6 34.
Qh1 Rc2 35. Rf1 Bd4 36. Kh2 Qh4+ 37. Kg1 Bxf2+ 38. Rxf2 Qxf2+ 39. Kh2 Qh4+ 40.
Kg1 Rc1# 0-1

[Event "Corona Amateur Tournament (C-HTO)"]
[Site "Biel/Bienne"]
[Date "2020.07.26"]
[Round "6.16"]
[White "Dammann, Jorn"]
[Black "Pahud, Cedric"]
[Result "1-0"]
[WhiteElo "1850"]
[BlackElo "2225"]
[PlyCount "71"]
[EventDate "2020.07.20"]

1. e4 c5 2. Nf3 g6 3. d4 cxd4 4. Nxd4 Nc6 5. c4 Bg7 6. Be3 Nf6 7. Nc3 Ng4 8.
Qxg4 Nxd4 9. Qd1 e5 10. Bxd4 exd4 11. Nd5 O-O 12. Bd3 d6 13. O-O Be6 14. Qd2
Bxd5 15. cxd5 Qh4 16. Qb4 Be5 17. g3 Qe7 18. f4 Bg7 19. e5 Qd7 20. Rae1 dxe5
21. fxe5 Qxd5 22. Bc4 a5 23. Qxf8+ Bxf8 24. Bxd5 Rd8 25. Bxf7+ Kg7 26. Bc4 d3
27. Rf7+ Kh6 28. Rd1 Bc5+ 29. Kg2 d2 30. e6 Rd4 31. e7 Re4 32. Rxd2 Bxe7 33.
Rd7 Bc5 34. h4 Kh5 35. Rd5+ Kg4 36. Rg5# 1-0

[Event "Corona Amateur Tournament (C-HTO)"]
[Site "Biel/Bienne"]
[Date "2020.07.26"]
[Round "6.17"]
[White "Perestjuk, Marko"]
[Black "Courjal, Pauline"]
[Result "1-0"]
[WhiteElo "2116"]
[BlackElo "1848"]
[PlyCount "87"]
[EventDate "2020.07.20"]

1. e4 e6 2. d4 d5 3. Nd2 Nc6 4. Ngf3 Nf6 5. e5 Nd7 6. Nb3 a5 7. a4 Be7 8. Bb5
Na7 9. Bd3 b6 10. O-O c5 11. c4 Bb7 12. Re1 cxd4 13. cxd5 Bxd5 14. Nbxd4 Nc5
15. Bb1 Bxf3 16. Qxf3 Rc8 17. Be3 Qc7 18. Qg3 Kf8 19. f4 Nc6 20. Nxc6 Qxc6 21.
f5 h5 22. Rf1 h4 23. Qg4 h3 24. f6 Qxg2+ 25. Qxg2 hxg2 26. fxe7+ Kxe7 27. Kxg2
Rh5 28. Bf4 Nd7 29. Bd3 Nxe5 30. Bb5 Ng6 31. Bg3 Nh4+ 32. Kg1 Rc2 33. Rf2 Rxf2
34. Bxf2 Nf3+ 35. Kg2 Nh4+ 36. Kf1 Rf5 37. Rd1 Nf3 38. Kg2 Ne5 39. Bxb6 Kf6 40.
Bxa5 Ng4 41. Kg3 Ne3 42. Re1 Nd5 43. Bd8+ Ne7 44. Rd1 1-0

[Event "Corona Amateur Tournament (C-HTO)"]
[Site "Biel/Bienne"]
[Date "2020.07.26"]
[Round "6.18"]
[White "Emmenecker, Philippe"]
[Black "Wenger, Arejou"]
[Result "1-0"]
[WhiteElo "2100"]
[BlackElo "1831"]
[PlyCount "45"]
[EventDate "2020.07.20"]

1. e4 Nf6 2. Nc3 d5 3. e5 Nfd7 4. e6 fxe6 5. d4 g6 6. h4 Nf6 7. h5 Bg7 8. hxg6
h6 9. Nf3 Nbd7 10. Qe2 e5 11. dxe5 Ng4 12. Bf4 Rf8 13. g3 Nb6 14. O-O-O Bf5 15.
Nd4 Qc8 16. f3 Bxg6 17. fxg4 c5 18. Nf5 Bxf5 19. gxf5 d4 20. Ne4 Qxf5 21. Bh3
Qf7 22. Qb5+ Kd8 23. Nxc5 1-0

[Event "Corona Amateur Tournament (C-HTO)"]
[Site "Biel/Bienne"]
[Date "2020.07.26"]
[Round "6.19"]
[White "Pham, Khoi"]
[Black "Shatil, Shir"]
[Result "1-0"]
[WhiteElo "2048"]
[BlackElo "1826"]
[PlyCount "73"]
[EventDate "2020.07.20"]

1. e4 c6 2. d4 d5 3. e5 c5 4. dxc5 e6 5. a3 Bxc5 6. b4 Be7 7. Qg4 g6 8. Nf3 a5
9. b5 Nd7 10. Bb2 h5 11. Qd4 Nh6 12. Qd2 Nc5 13. Bd3 Nf5 14. Nc3 Qb6 15. O-O
Nxd3 16. cxd3 h4 17. h3 Bc5 18. a4 Rh5 19. Ba3 Bxa3 20. Rxa3 Bd7 21. Ne2 Rc8
22. Rc3 Rxc3 23. Qxc3 Ng3 24. Re1 Nxe2+ 25. Rxe2 Rh8 26. Rc2 Kd8 27. Ng5 Ke7
28. Qc7 Qxc7 29. Rxc7 Rb8 30. Nxf7 Kxf7 31. Rxd7+ Kf8 32. Rh7 Kg8 33. Re7 Rc8
34. Rxb7 Rc1+ 35. Kh2 Ra1 36. Ra7 Rxa4 37. b6 1-0

[Event "Corona Amateur Tournament (C-HTO)"]
[Site "Biel/Bienne"]
[Date "2020.07.26"]
[Round "6.20"]
[White "Rosebrock, Timotej Alexander"]
[Black "Ohler, Julius"]
[Result "0-1"]
[WhiteElo "1839"]
[BlackElo "2024"]
[PlyCount "74"]
[EventDate "2020.07.20"]

1. d4 Nf6 2. c4 e6 3. Nc3 Bb4 4. Bg5 c5 5. dxc5 Bxc3+ 6. bxc3 Qa5 7. Bxf6 gxf6
8. Qb3 Qxc5 9. e3 Nc6 10. Nf3 b6 11. Bd3 Ba6 12. Nd2 f5 13. Be2 Rc8 14. Qa4 Qa5
15. Bd1 Qxa4 16. Bxa4 Ne5 17. O-O Nxc4 18. Nxc4 Rxc4 19. Bb3 Rxc3 20. Rfd1 Ke7
21. Rd4 Bb5 22. h3 Bc6 23. g3 Rc8 24. Rad1 Rc7 25. Kf1 Bf3 26. Re1 Rc1 27. Rh4
h5 28. Rf4 Bg2+ 29. Ke2 Rxe1+ 30. Kxe1 Bxh3 31. f3 Rc1+ 32. Kf2 Bf1 33. Rh4 Bb5
34. Rxh5 Bc4 35. Rh4 Bxb3 36. axb3 Rc2+ 37. Kf1 a5 0-1

[Event "Corona Amateur Tournament (C-HTO)"]
[Site "Biel/Bienne"]
[Date "2020.07.26"]
[Round "6.21"]
[White "Harringer, Manfred"]
[Black "Norden, Marc"]
[Result "0-1"]
[WhiteElo "2008"]
[BlackElo "1690"]
[PlyCount "116"]
[EventDate "2020.07.20"]

1. e4 c6 2. d4 d5 3. Nd2 dxe4 4. Nxe4 Bf5 5. Ng3 Bg6 6. h4 h6 7. Nh3 e6 8. Nf4
Ne7 9. c3 Nd7 10. Bc4 Qa5 11. Qf3 Nf6 12. O-O Nfd5 13. Nxg6 Nxg6 14. h5 Nh4 15.
Qe2 Be7 16. Bd2 Qd8 17. Rfe1 O-O 18. Bd3 Bg5 19. Ne4 Bxd2 20. Qxd2 Nf5 21. g3
Nd6 22. Qe2 Nxe4 23. Qxe4 Nf6 24. Qf3 Qd5 25. Qxd5 cxd5 26. Be2 Rac8 27. a4 a5
28. Ra3 Ne4 29. Rb3 Rb8 30. Rd1 Rfc8 31. Kg2 Kf8 32. Kf3 Ke7 33. Bd3 Nd6 34.
Re1 Kf6 35. Kg2 b6 36. f4 Rc7 37. g4 Rbb7 38. Kg3 Nc4 39. Re2 Nd6 40. Re5 Nc4
41. g5+ Ke7 42. Re2 Kd6 43. Kg4 Kc6 44. Bxc4 dxc4 45. Rb5 Re7 46. Rbe5 Kd6 47.
gxh6 gxh6 48. f5 Rb8 49. Kf4 Rbe8 50. f6 Rb7 51. Rg2 Rh8 52. Rg7 Rd7 53. Rb5
Rb7 54. Ke4 Kc6 55. b3 cxb3 56. c4 Rd7 57. Ke5 Kc7 58. Rxb3 Kc6 0-1

[Event "Corona Amateur Tournament (C-HTO)"]
[Site "Biel/Bienne"]
[Date "2020.07.26"]
[Round "6.22"]
[White "Germann, Markus"]
[Black "Rempe, Jonas"]
[Result "0-1"]
[WhiteElo "1995"]
[BlackElo "1801"]
[PlyCount "70"]
[EventDate "2020.07.20"]

1. e4 e5 2. Nf3 Nc6 3. Nc3 Nf6 4. d4 exd4 5. Nxd4 Bb4 6. Nxc6 bxc6 7. Bd3 d5 8.
exd5 cxd5 9. O-O O-O 10. Bg5 c6 11. Qf3 Be7 12. Rfe1 h6 13. Bh4 g5 14. Bg3 Bd6
15. h3 g4 16. Qe3 d4 17. Qxh6 Bxg3 18. fxg3 dxc3 19. Rad1 cxb2 20. Qg5+ Kh8 21.
Qh6+ Kg8 22. Kh2 gxh3 23. Qg5+ Kh8 24. Qh6+ Kg8 25. gxh3 b1=Q 26. Qg5+ Kh8 27.
Qh6+ Kg8 28. Rxb1 Qd4 29. Qg5+ Kh8 30. Qh6+ Kg8 31. Qg5+ Kh8 32. Rf1 Nh7 33.
Bxh7 Kxh7 34. Rf4 Qg7 35. Qh5+ Qh6 0-1

[Event "Corona Amateur Tournament (C-HTO)"]
[Site "Biel/Bienne"]
[Date "2020.07.26"]
[Round "6.23"]
[White "Ernst, Heinz"]
[Black "Steibel, Julien"]
[Result "0-1"]
[WhiteElo "1830"]
[BlackElo "1989"]
[PlyCount "54"]
[EventDate "2020.07.20"]

1. d4 Nf6 2. c4 g6 3. Nc3 d5 4. cxd5 Nxd5 5. e4 Nxc3 6. bxc3 Bg7 7. Bc4 c5 8.
Be3 Nc6 9. Ne2 O-O 10. O-O Qc7 11. Rc1 Rd8 12. Qd2 Ne5 13. Bb3 Ng4 14. Bf4 e5
15. Bg3 Bh6 16. f4 Qb6 17. Rb1 Qa5 18. d5 c4 19. Bd1 Qc5+ 20. Kh1 f5 21. Bh4
fxe4 22. Bxd8 Nf2+ 23. Rxf2 Qxf2 24. Bg5 e3 25. Qb2 exf4 26. Bxh6 f3 27. gxf3
Bh3 0-1

[Event "Corona Amateur Tournament (C-HTO)"]
[Site "Biel/Bienne"]
[Date "2020.07.26"]
[Round "6.24"]
[White "Moriniaux, Colin"]
[Black "Zecirovic, Giacomo"]
[Result "1-0"]
[WhiteElo "1963"]
[BlackElo "1813"]
[PlyCount "111"]
[EventDate "2020.07.20"]

1. d4 Nf6 2. c4 e6 3. Nc3 Bb4 4. a3 Bxc3+ 5. bxc3 c5 6. e3 O-O 7. Bd3 d5 8.
cxd5 exd5 9. Ne2 Nc6 10. O-O Bg4 11. f3 Bh5 12. Nf4 Bg6 13. Nxg6 fxg6 14. a4
Re8 15. Rb1 Rb8 16. Re1 Ne7 17. Bb5 Nc6 18. dxc5 a6 19. Bxc6 bxc6 20. Rxb8 Qxb8
21. Qd4 Nd7 22. c4 Qb4 23. Rd1 Nxc5 24. cxd5 Qxd4 25. exd4 Nxa4 26. dxc6 Nc3
27. Rf1 Ne2+ 28. Kf2 Nxd4 29. c7 Ne6 30. Rd1 Nxc7 31. Rd7 Rc8 32. Bb2 Ne8 33.
Be5 Rc5 34. f4 Nf6 35. Ra7 Ng4+ 36. Kg3 Nxe5 37. fxe5 Rc3+ 38. Kf4 Ra3 39. e6
Kf8 40. Rf7+ Kg8 41. Ke5 Rd3 42. Ra7 Kf8 43. Rxa6 Re3+ 44. Kd5 Ke7 45. Ra7+ Kf6
46. Rf7+ Kg5 47. e7 Re2 48. Kd6 Rd2+ 49. Kc7 Rc2+ 50. Kd8 Rd2+ 51. Ke8 Rxg2 52.
Kf8 Re2 53. e8=Q Rxe8+ 54. Kxe8 h5 55. Kf8 Kg4 56. Kxg7 1-0

[Event "Corona Amateur Tournament (C-HTO)"]
[Site "Biel/Bienne"]
[Date "2020.07.26"]
[Round "6.25"]
[White "Bruessow, Jakob"]
[Black "Thomas, Jeremy"]
[Result "0-1"]
[WhiteElo "1779"]
[BlackElo "1914"]
[PlyCount "94"]
[EventDate "2020.07.20"]

1. e4 c5 2. Nf3 d6 3. d4 cxd4 4. Nxd4 Nf6 5. Nc3 a6 6. Be3 e5 7. Nb3 Be6 8. f3
Be7 9. Qd2 O-O 10. O-O-O Nbd7 11. g4 b5 12. g5 b4 13. Ne2 Ne8 14. f4 a5 15. f5
a4 16. Nbd4 exd4 17. Nxd4 b3 18. Kb1 bxc2+ 19. Nxc2 Bb3 20. axb3 axb3 21. Na3
Ne5 22. h4 Ra4 23. Qg2 f6 24. g6 hxg6 25. fxg6 Qa8 26. Rd4 d5 27. Rxa4 Qxa4 28.
exd5 Bxa3 29. bxa3 Qxa3 30. Bc1 Qa4 31. h5 Nd6 32. Rh3 Rc8 33. Qe2 Rxc1+ 34.
Kxc1 Qa1+ 35. Kd2 Ndc4+ 36. Qxc4 Nxc4+ 37. Bxc4 Qb2+ 38. Kd3 Qc2+ 39. Kd4 Qf2+
40. Kc3 b2 41. d6+ Kf8 42. d7 Ke7 43. Rd3 b1=N+ 44. Kb4 Qe1+ 45. Kc5 Kd8 46.
Bb5 Na3 47. Bc6 Qa5+ 0-1

[Event "Corona Amateur Tournament (C-HTO)"]
[Site "Biel/Bienne"]
[Date "2020.07.26"]
[Round "6.26"]
[White "Schimmer, Michael"]
[Black "Fecker, Jan"]
[Result "0-1"]
[WhiteElo "1776"]
[BlackElo "1898"]
[PlyCount "34"]
[EventDate "2020.07.20"]

1. e4 c5 2. Nf3 e6 3. d4 cxd4 4. Nxd4 Nc6 5. Nc3 Qc7 6. Ndb5 Qb8 7. a4 a6 8.
Na3 Nf6 9. Be3 Bb4 10. f3 d5 11. exd5 Nxd5 12. Bd2 Nxc3 13. bxc3 Qe5+ 14. Be2
Bxc3 15. Rb1 Bd4 16. Nc4 Qc5 17. Bb4 Nxb4 0-1

[Event "Corona Amateur Tournament (C-HTO)"]
[Site "Biel/Bienne"]
[Date "2020.07.26"]
[Round "6.27"]
[White "Thommen, Tobias"]
[Black "Spanton, Tim R"]
[Result "0-1"]
[WhiteElo "1306"]
[BlackElo "1855"]
[PlyCount "112"]
[EventDate "2020.07.20"]

1. d4 d5 2. c4 e6 3. Nc3 Nf6 4. cxd5 exd5 5. Bg5 Be7 6. e3 O-O 7. Bd3 Nbd7 8.
Nge2 Re8 9. O-O Nf8 10. f3 Ne6 11. Bh4 c5 12. Qb1 g6 13. Bb5 Bd7 14. Bxd7 Qxd7
15. dxc5 g5 16. Bf2 Bxc5 17. Rd1 Nc7 18. Nd4 Bxd4 19. Rxd4 Qe6 20. e4 Rad8 21.
exd5 Ncxd5 22. Ne4 Qf5 23. Nxf6+ Qxf6 24. Qc2 Nf4 25. Rxd8 Rxd8 26. Re1 b6 27.
Bg3 Qd4+ 28. Kf1 h6 29. Bxf4 Qxf4 30. Rd1 Rxd1+ 31. Qxd1 Qc4+ 32. Qe2 Qxa2 33.
Qe8+ Kg7 34. Qe5+ f6 35. Qb5 Qb1+ 36. Kf2 Qc2+ 37. Kg3 Qc7+ 38. Kh3 Qe5 39.
Qd7+ Kg6 40. g4 a5 41. Qd8 Qe6 42. Qc7 h5 43. Qc3 h4 44. Qc2+ Kh6 45. Qd2 Qc6
46. Qd1 a4 47. f4 gxf4 48. Qf1 Qe4 49. Kxh4 Qe5 50. Qc1 b5 51. Qd2 Qe3 52. Qd6
Kg6 53. Qf8 Qe6 54. Qb4 Qe5 55. Qd2 Qg5+ 56. Kh3 Qh6+ 0-1